| Tag |
First Indicator |
Second Indicator |
Subfields |
| LEADER |
00000cam a2200000 a 4500 |
| 001 |
in00000748656 |
| 005 |
20151016162217.0 |
| 007 |
hd afa014baca |
| 008 |
760714s1846 ctua a 00011 eng d |
| 035 |
|
|
|a (OCoLC)02312136
|
| 035 |
|
|
|9 ADJ2947AM
|
| 040 |
|
|
|a JNA
|c JNA
|d m.c.
|d OCL
|d UtOrBLW
|
| 049 |
|
|
|a TXAI
|
| 090 |
|
|
|a PS15
|
| 099 |
|
|
|a film
|a B
|a 1551
|
| 100 |
1 |
|
|a Sigourney, L. H.
|q (Lydia Howard),
|d 1791-1865.
|
| 245 |
1 |
0 |
|a Myrtis :
|b with other etchings and sketchings /
|c by Mrs. L.H. Sigourney.
|
| 264 |
|
1 |
|a New York :
|b Harper & Brothers,
|c [1846]
|
| 300 |
|
|
|a vi, 292 pages :
|b 1 illustration
|
| 336 |
|
|
|a text
|b txt
|2 rdacontent
|
| 337 |
|
|
|a microform
|b h
|2 rdamedia
|
| 338 |
|
|
|a microfilm reel
|b hd
|2 rdacarrier
|
| 533 |
|
|
|a Microfilm.
|b Woodbridge, Conn. :
|c Research Publications,
|d 1970-1978.
|e 1 microfilm reel ; 35 mm.
|f (Wright American fiction ; v. 1 (1774-1850), Reel S-10, no. 2395)
|
| 500 |
|
|
|a Microform.
|
| 999 |
|
|
|a MARS
|
| 999 |
f |
f |
|s c9774227-02f5-3bf2-980e-31a9ed964843
|i 08b4a9f8-2680-3a60-8b35-8665d3c57102
|t 0
|
| 952 |
f |
f |
|p default
|a Texas A&M University
|b College Station
|c Sterling C. Evans Library
|d Evans: Microforms (3rd floor)
|t 0
|e film B 1551 v.1 reel S-10 no.2395
|h Other scheme
|i microform -- microfilm reel
|
| 998 |
f |
f |
|a film B 1551 v.1 reel S-10 no.2395
|t 0
|l Evans: Microforms (3rd floor)
|